[Event "BPB Limburg open A"]
[Site "Maastricht"]
[Date "2014.06.06"]
[Round "1"]
[White "Villwock, Martin"]
[Black "Snuverink, Michiel"]
[Result "0-1"]
[WhiteElo "2151"]
[BlackElo "2053"]
[PlyCount "110"]
[EventDate "2014.06.06"]
[EventType "swiss"]
[EventRounds "7"]
[EventCountry "NED"]
[Source "P.Boonen"]
[SourceDate "2014.10.10"]

1. b3 Nc6 2. Bb2 e5 3. e3 Be7 4. Bb5 Bf6 5. Ne2 Nge7 6. O-O a6 7. Bxc6 Nxc6 8.
c4 d5 9. cxd5 Qxd5 10. Nbc3 Qd3 11. Nc1 Qg6 12. Nd5 Bg4 13. f3 Bh3 14. Qe2
O-O-O 15. Nxf6 gxf6 16. Bc3 Rhg8 17. Rf2 Rg7 18. b4 Rdg8 19. g3 Qh5 20. Rg2
Bxg2 21. Qxg2 Qh4 22. Ne2 Qc4 23. a3 h5 24. Kf2 h4 25. Qh3+ Kb8 26. Rc1 Rh7 27.
g4 Qd3 28. a4 Ne7 29. f4 Nd5 30. fxe5 Nxc3 31. Rxc3 Qxd2 32. exf6 Qd6 33. Rc4
Rh6 34. Rd4 Rxf6+ 35. Nf4 Qc6 36. Qxh4 Rd6 37. Qh7 Rxg4 38. b5 Qc3 39. Rxd6
cxd6 40. Qh6 Qd2+ 41. Kf3 Qd1+ 42. Kf2 Rg1 43. Qh3 f5 44. Nd3 Qg4 45. Qh8+ Ka7
46. Nf4 Qd1 47. Qd4+ Qxd4 48. exd4 Ra1 49. bxa6 bxa6 50. h4 Rxa4 51. Ne6 Ra3
52. Ng5 Rd3 53. Nf3 Rc3 54. h5 Rc8 55. Kg3 a5 0-1

[Event "BPB Limburg open A"]
[Site "Maastricht"]
[Date "2014.06.06"]
[Round "1"]
[White "Weiler, Wolfgang"]
[Black "Van Meegen, Ruud"]
[Result "1-0"]
[WhiteElo "2132"]
[BlackElo "2026"]
[PlyCount "117"]
[EventDate "2014.06.06"]
[EventType "swiss"]
[EventRounds "7"]
[EventCountry "NED"]
[Source "P.Boonen"]
[SourceDate "2014.10.10"]

1. g3 g6 2. Bg2 Bg7 3. c4 c5 4. Nf3 Nc6 5. Nc3 b6 6. b3 Bb7 7. Bb2 Nf6 8. O-O
O-O 9. d4 d6 10. d5 Nb4 11. Qd2 e5 12. e4 Bc8 13. Ne1 Nh5 14. a3 Na6 15. Qe2
Nb8 16. Nd3 Nd7 17. Rae1 a6 18. a4 Ra7 19. Bh3 Ndf6 20. Bxc8 Qxc8 21. Bc1 Re7
22. Bd2 h6 23. f3 Nh7 24. Qg2 Rfe8 25. Rc1 N5f6 26. Rce1 Nh5 27. Rc1 N5f6 28.
g4 Nd7 29. Qh3 Ng5 30. Qg3 Nh7 31. Qh4 g5 32. Qg3 Ndf8 33. Nf2 Ng6 34. Nfd1
Nhf8 35. Ne3 Nh4 36. Nf5 Nxf5 37. exf5 f6 38. Ne4 Qc7 39. Rb1 a5 40. Kg2 Nh7
41. Rh1 Rf7 42. h3 Kf8 43. Rh2 Ke7 44. Rbh1 Kd7 45. Qe1 Kc8 46. Qc1 Kb7 47. h4
Kc8 48. hxg5 fxg5 49. Rxh6 Bxh6 50. Rxh6 Rd8 51. Bxg5 Nxg5 52. Nxg5 Rg8 53.
Nxf7 Qxf7 54. Rxd6 Qxf5 55. Qh6 Rxg4+ 56. fxg4 Qe4+ 57. Kh2 Qe2+ 58. Kh3 Qf1+
59. Kh4 1-0

[Event "BPB Limburg open A"]
[Site "Maastricht"]
[Date "2014.06.06"]
[Round "1"]
[White "Winkels, Marcel"]
[Black "Wille, Thomas"]
[Result "1/2-1/2"]
[WhiteElo "1996"]
[BlackElo "2105"]
[PlyCount "132"]
[EventDate "2014.06.06"]
[EventType "swiss"]
[EventRounds "7"]
[EventCountry "NED"]
[Source "P.Boonen"]
[SourceDate "2014.10.10"]

1. e4 c5 2. Nf3 e6 3. d4 cxd4 4. Nxd4 a6 5. Nc3 Qc7 6. Bd3 Nc6 7. Nxc6 dxc6 8.
O-O c5 9. Be3 b6 10. Qe2 Bb7 11. Rad1 Ne7 12. f4 Nc6 13. f5 Nd4 14. Bxd4 cxd4
15. fxe6 fxe6 16. Nb1 Qe5 17. Nd2 Bc5 18. Kh1 b5 19. Bxb5+ Ke7 20. Bd3 Rhf8 21.
Qg4 Rxf1+ 22. Rxf1 Rf8 23. Qh4+ Ke8 24. Rxf8+ Bxf8 25. Nf3 Qf6 26. Qxf6 gxf6
27. Nxd4 Kd7 28. Nf3 h6 29. Kg1 Bd6 30. a3 Bf4 31. b4 Bc1 32. a4 Ba3 33. b5
axb5 34. axb5 Kd6 35. Kf2 Kc5 36. Ke2 e5 37. g4 Bc8 38. h3 Bd7 39. c4 Be6 40.
Nd2 Bc8 41. Nf1 Be6 42. Ng3 Kb6 43. Nh5 Be7 44. Kd2 Bf7 45. Ng7 Bf8 46. Nf5 Be6
47. Ne3 Bb4+ 48. Ke2 Kc5 49. Kf3 Ba5 50. Bf1 Kd4 51. Be2 Bb6 52. Nf5+ Bxf5 53.
exf5 Bc5 54. h4 e4+ 55. Kf2 Ke5+ 56. Kg3 Bb6 57. Bd1 Bc5 58. g5 fxg5 59. hxg5
hxg5 60. Kg4 Kf6 61. Bc2 e3 62. Bd3 Bb6 63. Kf3 Ke5 64. Bc2 Bc5 65. Bd3 Bb6 66.
f6 Kxf6 {.....} 1/2-1/2

[Event "BPB Limburg open A"]
[Site "Maastricht"]
[Date "2014.06.06"]
[Round "1"]
[White "Xiong, Ferdinand"]
[Black "Wislez, Francis"]
[Result "1-0"]
[WhiteElo "2110"]
[BlackElo "2002"]
[PlyCount "76"]
[EventDate "2014.06.06"]
[EventType "swiss"]
[EventRounds "7"]
[EventCountry "NED"]
[Source "P.Boonen"]
[SourceDate "2014.10.10"]

1. e4 c5 2. Nf3 Nc6 3. d4 cxd4 4. Nxd4 Nf6 5. Nc3 e6 6. Nxc6 bxc6 7. e5 Nd5 8.
Ne4 Ba6 9. c4 Nb6 10. b3 Bb4+ 11. Bd2 Bxd2+ 12. Qxd2 O-O 13. Bd3 Qh4 14. O-O h6
15. a4 f5 16. Nc5 f4 17. f3 Bc8 18. a5 d6 19. exd6 Nd7 20. Nxe6 Rf6 21. Rae1
Bb7 22. c5 a6 23. Nc7 Raf8 24. Ne8 R6f7 25. Bc4 Kh8 26. Bxf7 Rxf7 27. Nc7 Nf6
28. Re7 Qh5 29. b4 Bc8 30. Rxf7 Qxf7 31. Qxf4 Qb3 32. h4 Bd7 33. Re1 Qc3 34.
Re7 Qa1+ 35. Kh2 Qb1 36. Ne6 Bxe6 37. Rxe6 Nd5 38. Re8+ Kh7 1-0

[Event "BPB Limburg open A"]
[Site "Maastricht"]
[Date "2014.06.06"]
[Round "1"]
[White "Ypma, Peter"]
[Black "Von Meijenfeldt, Bart"]
[Result "0-1"]
[WhiteElo "2183"]
[BlackElo "2322"]
[PlyCount "50"]
[EventDate "2014.06.06"]
[EventType "swiss"]
[EventRounds "7"]
[EventCountry "NED"]
[Source "P.Boonen"]
[SourceDate "2014.10.10"]

1. f4 e5 2. e4 d5 3. exd5 exf4 4. Nf3 Nf6 5. Bb5+ Nbd7 6. c4 Be7 7. O-O O-O 8.
Bxd7 Nxd7 9. d4 b5 10. Ne5 Nxe5 11. dxe5 bxc4 12. Rxf4 f6 13. d6 cxd6 14. Qd5+
Kh8 15. exf6 Qb6+ 16. Kh1 Bb7 17. fxg7+ Kxg7 18. Qe6 Bf6 19. Rf1 Qc6 20. Qh3
Kh8 21. Bd2 Rg8 22. Rf2 Rxg2 23. Qxg2 Rg8 24. Qf3 Qxf3+ 25. Rxf3 Bxf3# 0-1

[Event "BPB Limburg open A"]
[Site "Maastricht"]
[Date "2014.06.07"]
[Round "2"]
[White "Beerdsen, Thomas"]
[Black "Perrenet, Jacob"]
[Result "1-0"]
[WhiteElo "2205"]
[BlackElo "2086"]
[PlyCount "61"]
[EventDate "2014.06.06"]
[EventType "swiss"]
[EventRounds "7"]
[EventCountry "NED"]
[Source "P.Boonen"]
[SourceDate "2014.10.10"]

1. e4 Nc6 2. Nf3 Nf6 3. Nc3 d5 4. exd5 Nxd5 5. d4 e6 6. Bd3 Be7 7. O-O O-O 8.
a3 Nxc3 9. bxc3 b6 10. Re1 Bb7 11. Nd2 Qd7 12. Re3 g6 13. Rh3 Rad8 14. Nf3 e5
15. Qd2 e4 16. Qh6 Qxh3 17. Qxh3 exd3 18. cxd3 Bc8 19. Qg3 Bd6 20. Bf4 Ne7 21.
Bxd6 Rxd6 22. Re1 Nf5 23. Qf4 Rfd8 24. g4 Ng7 25. Re7 Be6 26. Rxc7 Bd5 27. c4
Ne8 28. Rxa7 Rf6 29. Qe5 Bxf3 30. Re7 Kg7 31. g5 1-0

[Event "BPB Limburg open A"]
[Site "Maastricht"]
[Date "2014.06.07"]
[Round "2"]
[White "Blom, Vincent"]
[Black "Winkels, Marcel"]
[Result "1-0"]
[WhiteElo "2213"]
[BlackElo "1996"]
[PlyCount "111"]
[EventDate "2014.06.06"]
[EventType "swiss"]
[EventRounds "7"]
[EventCountry "NED"]
[Source "P.Boonen"]
[SourceDate "2014.10.10"]

1. c4 e5 2. g3 d6 3. Bg2 f5 4. Nc3 Nf6 5. d3 Be7 6. Nf3 O-O 7. O-O Qe8 8. Qc2
c6 9. c5 Qh5 10. cxd6 Bxd6 11. Qa4 Na6 12. Qh4 Qxh4 13. Nxh4 Nb4 14. Bd2 Be6
15. Nf3 h6 16. Rfc1 Rad8 17. a3 Na6 18. b4 Nd5 19. Na4 Rfe8 20. Nc3 Bf7 21. Ne1
Nxc3 22. Bxc3 Nc7 23. Nc2 Nd5 24. Bb2 Bb8 25. Rd1 Nb6 26. Rac1 Bb3 27. Re1 e4
28. Nd4 Be5 29. Nxb3 Bxb2 30. Rb1 Bxa3 31. Nc5 exd3 32. Nxd3 Nc4 33. Rb3 a5 34.
bxa5 Bf8 35. Ra1 Rxe2 36. Bf1 Rd2 37. Rxb7 Ra8 38. a6 Nd6 39. Rc7 Nb5 40. Rxc6
Ra7 41. Nf4 Nd4 42. Bc4+ Kh7 43. Rc8 g5 44. Rxf8 gxf4 45. Rf7+ Rxf7 46. Bxf7
Nc6 47. a7 Nxa7 48. Rxa7 fxg3 49. Bh5+ Kg8 50. hxg3 Rd6 51. Ra4 Kg7 52. Kg2 Kf6
53. f4 Rd2+ 54. Kh3 Rd6 55. Be2 Kg6 56. Ra6 1-0

[Event "BPB Limburg open A"]
[Site "Maastricht"]
[Date "2014.06.07"]
[Round "2"]
[White "Braun, Christian"]
[Black "Van der Auweraert, Elwin"]
[Result "1-0"]
[WhiteElo "2358"]
[BlackElo "2212"]
[PlyCount "91"]
[EventDate "2014.06.06"]
[EventType "swiss"]
[EventRounds "7"]
[EventCountry "NED"]
[Source "P.Boonen"]
[SourceDate "2014.10.10"]
[WhiteClock "0:40:15"]
[BlackClock "0:14:14"]

1. Nf3 Nf6 2. g3 b6 3. Bg2 Bb7 4. O-O e6 5. d3 c5 6. e4 d6 7. Re1 Nbd7 8. b3
Qc7 9. Bb2 Be7 10. Nbd2 O-O 11. Nh4 Rfe8 12. f4 b5 13. c4 bxc4 14. dxc4 Nb8 15.
Nb1 Nc6 16. Nc3 Nd4 17. Nf3 e5 18. f5 Bc6 19. Nd2 h5 20. h3 Qb7 21. Rf1 Bd8 22.
Nd5 Bxd5 23. exd5 e4 24. Rf4 e3 25. Nf3 e2 26. Qd2 Qa6 27. Nxd4 cxd4 28. Bxd4
Rb8 29. b4 Qa3 30. Re1 Rxb4 31. Kh2 Rxc4 32. Rxe2 Rxe2 33. Qxe2 Qa4 34. Bxf6
Rxf4 35. Bxd8 Rxf5 36. Qd2 Qe8 37. Bg5 Re5 38. Bf3 h4 39. gxh4 Qa4 40. Bf4 Rf5
41. Kg3 Rf6 42. h5 g6 43. h6 Qc4 44. Qe3 Kh7 45. h4 Qxa2 46. Qd4 1-0

[Event "BPB Limburg open A"]
[Site "Maastricht"]
[Date "2014.06.07"]
[Round "2"]
[White "Bus, Tom"]
[Black "Warmerdam, Max"]
[Result "1/2-1/2"]
[WhiteElo "2129"]
[BlackElo "2177"]
[PlyCount "132"]
[EventDate "2014.06.06"]
[EventType "swiss"]
[EventRounds "7"]
[EventCountry "NED"]
[Source "P.Boonen"]
[SourceDate "2014.10.10"]

1. c4 Nf6 2. g3 g6 3. Bg2 Bg7 4. Nc3 d6 5. e4 Nc6 6. Nge2 O-O 7. O-O e5 8. d3
a6 9. h3 Rb8 10. Be3 b5 11. Qd2 Be6 12. Nd5 Ne7 13. Bg5 Nfxd5 14. cxd5 Bd7 15.
Rac1 f6 16. Be3 c5 17. dxc6 Bxc6 18. d4 f5 19. dxe5 Bxe5 20. Rxc6 Nxc6 21. Qd5+
Rf7 22. Qxc6 Qc8 23. exf5 Qxc6 24. Bxc6 Rxf5 25. Nd4 Rff8 26. f4 Bg7 27. g4 h6
28. Ne6 Rfc8 29. Ba7 Rxc6 30. Bxb8 Bxb2 31. f5 gxf5 32. gxf5 Bf6 33. Rd1 Be5
34. Rf1 Rc3 35. Rd1 Rc6 36. Kf2 b4 37. Rg1+ Kh8 38. Rg6 Rc2+ 39. Kf3 Rxa2 40.
Rxh6+ Kg8 41. Rg6+ Kf7 42. Nd8+ Ke8 43. Bxd6 Bxd6 44. Rxd6 Ra5 45. Kf4 b3 46.
f6 b2 47. f7+ Kf8 48. Rg6 Rf5+ 49. Kxf5 b1=Q+ 50. Kg5 Qc1+ 51. Kh5 Qd1+ 52. Kh6
Qd2+ 53. Kh5 Qd5+ 54. Kh6 Qd2+ 55. Kh5 Qe2+ 56. Kg5 Qg2+ 57. Kh5 Qxh3+ 58. Kg5
Qg3+ 59. Kh5 Qf3+ 60. Kg5 Qg3+ 61. Kh5 Qe5+ 62. Kg4 Qd4+ 63. Kh5 Qd5+ 64. Kg4
Qd4+ 65. Kh5 Qe5+ 66. Kg4 Qd4+ 1/2-1/2

[Event "BPB Limburg open A"]
[Site "Maastricht"]
[Date "2014.06.07"]
[Round "2"]
[White "Cioara, Andrei Nestor"]
[Black "Roos, Adrian"]
[Result "1/2-1/2"]
[WhiteElo "2438"]
[BlackElo "2201"]
[PlyCount "97"]
[EventDate "2014.06.06"]
[EventType "swiss"]
[EventRounds "7"]
[EventCountry "NED"]
[Source "P.Boonen"]
[SourceDate "2014.10.10"]

1. d4 Nf6 2. c4 e6 3. Nf3 b6 4. g3 Ba6 5. Qc2 Bb7 6. Bg2 c5 7. d5 exd5 8. cxd5
Nxd5 9. O-O Be7 10. Rd1 Nc6 11. Qa4 Nf6 12. e4 O-O 13. e5 Ne8 14. Nc3 Nc7 15.
Be3 f5 16. exf6 Bxf6 17. Bf4 Ne6 18. Bd6 Rf7 19. Rd2 Bxc3 20. bxc3 Qf6 21. Qc2
Nb4 22. Qd1 Bxf3 23. Qxf3 Qxf3 24. Bxf3 Rxf3 25. cxb4 c4 26. Kg2 Ra3 27. b5 Ra4
28. a3 c3 29. Rc2 Rc4 30. Be5 Rac8 31. Rac1 R8c5 32. f4 g5 33. Rxc3 Rxc3 34.
Rxc3 Rxb5 35. Kf3 Kf7 36. Rc8 gxf4 37. gxf4 Rb3+ 38. Kg4 h5+ 39. Kxh5 Rh3+ 40.
Kg4 Rxh2 41. f5 Ra2 42. Bd6 Nc5 43. Rf8+ Kg7 44. f6+ Kg6 45. Be5 Ne6 46. Rg8+
Kf7 47. Rh8 Kg6 48. Rg8+ Kf7 49. Rh8 1/2-1/2

[Event "BPB Limburg open A"]
[Site "Maastricht"]
[Date "2014.06.07"]
[Round "2"]
[White "Clemens, Adrian HP"]
[Black "Sekandar, Kambiz"]
[Result "1/2-1/2"]
[WhiteElo "2188"]
[BlackElo "2100"]
[PlyCount "86"]
[EventDate "2014.06.06"]
[EventType "swiss"]
[EventRounds "7"]
[EventCountry "NED"]
[Source "P.Boonen"]
[SourceDate "2014.10.10"]

1. d4 Nf6 2. c4 e6 3. Nc3 Bb4 4. e3 O-O 5. Bd3 c5 6. Nf3 d5 7. O-O cxd4 8. exd4
dxc4 9. Bxc4 b6 10. Bg5 Bb7 11. Qe2 Bxc3 12. bxc3 Nbd7 13. Bh4 Qc7 14. Bg3 Bxf3
15. gxf3 Qc6 16. Rac1 Rfe8 17. Rfd1 Rad8 18. Bb5 Qd5 19. c4 Qh5 20. c5 a6 21.
Bxd7 Rxd7 22. c6 Ra7 23. c7 Rc8 24. Rc6 Qg6 25. Rxe6 Raxc7 26. Rxb6 a5 27. d5
h5 28. h4 Rc2 29. Qa6 Qf5 30. d6 R8c3 31. Rb3 Qxf3 32. Qf1 Qg4 33. Rxc3 Rxc3
34. Rd3 Rc8 35. Qd1 Qe6 36. a3 Rd8 37. Re3 Qc4 38. Qd3 Qc6 39. Qc3 Qxc3 40.
Rxc3 Ne4 41. Rd3 Nxg3 42. fxg3 g6 43. Rd5 Kg7 1/2-1/2

[Event "BPB Limburg open A"]
[Site "Maastricht"]
[Date "2014.06.07"]
[Round "2"]
[White "Coenen, Eduard"]
[Black "Hovhanisian, Mher"]
[Result "1/2-1/2"]
[WhiteElo "2093"]
[BlackElo "2520"]
[PlyCount "100"]
[EventDate "2014.06.06"]
[EventType "swiss"]
[EventRounds "7"]
[EventCountry "NED"]
[Source "P.Boonen"]
[SourceDate "2014.10.10"]

1. d4 e6 2. Nf3 c5 3. c3 Nc6 4. e3 Nf6 5. Bb5 Qb6 6. a4 a6 7. Bxc6 Qxc6 8. a5
b5 9. axb6 Qxb6 10. Nbd2 Be7 11. Nc4 Qc7 12. Qa4 O-O 13. Qa5 Qxa5 14. Nxa5 d5
15. Ne5 c4 16. f3 Bd7 17. e4 Bb5 18. Nec6 Rfe8 19. Bg5 Bf8 20. e5 Nd7 21. Nb4
f6 22. exf6 gxf6 23. Be3 Bxb4 24. cxb4 Rab8 25. Kf2 Kf7 26. Rhe1 e5 27. b3 cxb3
28. Nxb3 Bc4 29. Nc5 Nxc5 30. bxc5 Rb2+ 31. Kg1 Rg8 32. g3 Be2 33. Bc1 Rc2 34.
dxe5 fxe5 35. f4 e4 36. Be3 Bf3 37. Rxa6 Rb8 38. Ra7+ Kg6 39. Rea1 Be2 40. Bd4
Kf5 41. h3 e3 42. Re7 Bf3 43. g4+ Kxf4 44. Be5+ Kg5 45. Rg7+ Kh4 46. Rxh7+ Kg5
47. Rh5+ Kg6 48. Ra6+ Kf7 49. Rh7+ Ke8 50. Re6+ Kf8 {.....} 1/2-1/2

[Event "BPB Limburg open A"]
[Site "Maastricht"]
[Date "2014.06.07"]
[Round "2"]
[White "Coenen, Michael"]
[Black "Lecomte, Robin"]
[Result "1-0"]
[WhiteElo "2318"]
[BlackElo "2038"]
[PlyCount "53"]
[EventDate "2014.06.06"]
[EventType "swiss"]
[EventRounds "7"]
[EventCountry "NED"]
[Source "P.Boonen"]
[SourceDate "2014.10.10"]

1. d4 d5 2. Nf3 Nf6 3. Bg5 g6 4. Bxf6 exf6 5. e3 Bg7 6. c4 O-O 7. Nc3 dxc4 8.
Bxc4 Nd7 9. Rc1 c6 10. O-O f5 11. b4 Nb6 12. Bb3 f4 13. exf4 Bg4 14. h3 Bxf3
15. Qxf3 Qxd4 16. b5 Rac8 17. Rfd1 Qb4 18. Ne4 cxb5 19. Rxc8 Rxc8 20. Bxf7+ Kh8
21. f5 Rf8 22. fxg6 hxg6 23. Qf4 Qe7 24. Ng5 Rxf7 25. Rd8+ Bf8 26. Nxf7+ Kg7
27. Ne5 1-0

[Event "BPB Limburg open A"]
[Site "Maastricht"]
[Date "2014.06.07"]
[Round "2"]
[White "Dambacher, Martijn"]
[Black "Weiler, Wolfgang"]
[Result "1-0"]
[WhiteElo "2491"]
[BlackElo "2132"]
[PlyCount "53"]
[EventDate "2014.06.06"]
[EventType "swiss"]
[EventRounds "7"]
[EventCountry "NED"]
[Source "P.Boonen"]
[SourceDate "2014.10.10"]
[WhiteClock "0:31:28"]
[BlackClock "0:53:26"]

1. d4 g6 2. c4 Bg7 3. e4 c5 4. d5 e5 5. Nc3 d6 6. h4 Nf6 7. g3 a6 8. Qd3 Nbd7
9. Be2 h5 10. Nf3 Ng4 11. Ng5 Ndf6 12. a3 b6 13. O-O Ra7 14. b4 O-O 15. f3 Nh6
16. Be3 Kh8 17. Rab1 Nh7 18. a4 a5 19. bxc5 bxc5 20. Qd2 Ng8 21. Rb8 Nxg5 22.
hxg5 f6 23. Nb5 Raf7 24. Rxc8 Qxc8 25. Nxd6 Qh3 26. Nxf7+ Rxf7 27. Bd3 1-0

[Event "BPB Limburg open A"]
[Site "Maastricht"]
[Date "2014.06.07"]
[Round "2"]
[White "De Wit, Albert"]
[Black "Driessens, Patrick"]
[Result "0-1"]
[WhiteElo "1999"]
[BlackElo "2306"]
[PlyCount "58"]
[EventDate "2014.06.06"]
[EventType "swiss"]
[EventRounds "7"]
[EventCountry "NED"]
[Source "P.Boonen"]
[SourceDate "2014.10.10"]

1. e4 e6 2. d4 d5 3. Nc3 Be7 4. Be3 b6 5. Bb5+ c6 6. Bd3 Ba6 7. Nge2 Nf6 8. Nf4
Bxd3 9. Qxd3 O-O 10. e5 Ne8 11. O-O c5 12. Nce2 Nc6 13. c3 Qd7 14. Nh5 Rc8 15.
f4 g6 16. Nhg3 cxd4 17. Nxd4 Nxd4 18. Bxd4 Ng7 19. Rfd1 Qa4 20. Nf1 Nf5 21. Ne3
Nxd4 22. cxd4 Rc6 23. g4 f6 24. f5 gxf5 25. gxf5 fxe5 26. dxe5 Bc5 27. f6 Qf4
28. Re1 Kh8 29. Qe2 Qxe5 0-1

[Event "BPB Limburg open A"]
[Site "Maastricht"]
[Date "2014.06.07"]
[Round "2"]
[White "Degro, Heiko"]
[Black "Arnelind, Mikael"]
[Result "0-1"]
[WhiteElo "2042"]
[BlackElo "2160"]
[PlyCount "80"]
[EventDate "2014.06.06"]
[EventType "swiss"]
[EventRounds "7"]
[EventCountry "NED"]
[Source "P.Boonen"]
[SourceDate "2014.10.10"]

1. d4 Nf6 2. c4 e6 3. Nf3 b6 4. a3 Bb7 5. Nc3 d5 6. Bg5 Be7 7. Bxf6 Bxf6 8.
cxd5 exd5 9. e3 O-O 10. Qb3 c6 11. Be2 Re8 12. O-O Qd6 13. Rfd1 Nd7 14. Rac1 g6
15. Bf1 Nf8 16. Qa2 Bc8 17. Re1 Bg4 18. Be2 Nd7 19. h3 Be6 20. Qb3 h6 21. Qd1
Bg7 22. Bd3 Rac8 23. b4 b5 24. e4 a6 25. e5 Qe7 26. Nd2 a5 27. Qb3 axb4 28.
axb4 Bf8 29. Na2 Nb6 30. Qc2 Nc4 31. Nb3 Qg5 32. Kh2 Ra8 33. g3 Qh5 34. Bf1 Ra3
35. Ra1 Bf5 36. Bd3 Bxh3 37. Kg1 Bg4 38. Be2 Bxe2 39. Rxe2 Rxb3 40. Nc1 Rb2 0-1

[Event "BPB Limburg open A"]
[Site "Maastricht"]
[Date "2014.06.07"]
[Round "2"]
[White "Den Hartog, Marijn"]
[Black "Dijkhuis, Tycho"]
[Result "0-1"]
[WhiteElo "2036"]
[BlackElo "2271"]
[PlyCount "58"]
[EventDate "2014.06.06"]
[EventType "swiss"]
[EventRounds "7"]
[EventCountry "NED"]
[Source "P.Boonen"]
[SourceDate "2014.10.10"]

1. e4 c5 2. Nf3 Nc6 3. d4 cxd4 4. Nxd4 e5 5. Nb5 d6 6. N1c3 a6 7. Na3 b5 8. Nd5
Nge7 9. c4 Nd4 10. Be3 Nxd5 11. cxd5 g6 12. Nc2 Nxc2+ 13. Qxc2 Bd7 14. Qd2 Bg7
15. Bd3 O-O 16. O-O-O f5 17. f3 Rb8 18. Kb1 a5 19. Bh6 b4 20. h4 f4 21. Bxg7
Kxg7 22. h5 g5 23. h6+ Kh8 24. Rdg1 Qb6 25. g3 Qd4 26. Qe2 g4 27. Bc2 a4 28.
Bd1 Rfc8 29. gxf4 Bb5 0-1

[Event "BPB Limburg open A"]
[Site "Maastricht"]
[Date "2014.06.07"]
[Round "2"]
[White "Dijkhuis, Sven"]
[Black "Snuverink, Jochem"]
[Result "0-1"]
[WhiteElo "1993"]
[BlackElo "2357"]
[PlyCount "38"]
[EventDate "2014.06.06"]
[EventType "swiss"]
[EventRounds "7"]
[EventCountry "NED"]
[Source "P.Boonen"]
[SourceDate "2014.10.10"]

1. e4 c5 2. Nf3 Nc6 3. Nc3 d6 4. d4 cxd4 5. Nxd4 e5 6. Nde2 Nf6 7. g3 Be7 8.
Bg5 O-O 9. Bxf6 Bxf6 10. Nd5 Be6 11. c4 Rc8 12. Nec3 Nd4 13. Qd3 b5 14. Nxb5
Bxd5 15. exd5 e4 16. Qb1 Nf3+ 17. Kd1 Qa5 18. b4 Qa4+ 19. Kc1 Qxb5 0-1

[Event "BPB Limburg open A"]
[Site "Maastricht"]
[Date "2014.06.07"]
[Round "2"]
[White "Dischinger, Frank"]
[Black "Jeitz, Christian"]
[Result "0-1"]
[WhiteElo "2154"]
[BlackElo "2169"]
[PlyCount "110"]
[EventDate "2014.06.06"]
[EventType "swiss"]
[EventRounds "7"]
[EventCountry "NED"]
[Source "P.Boonen"]
[SourceDate "2014.10.10"]

1. e4 c5 2. Nf3 Nc6 3. Bb5 g6 4. O-O Bg7 5. Re1 e5 6. Bxc6 dxc6 7. d3 Bg4 8.
Be3 Qe7 9. h3 Bxf3 10. Qxf3 Nf6 11. Nd2 Nd7 12. Nc4 b6 13. a4 a5 14. Qe2 O-O
15. f3 Ra6 16. Qd2 Rfa8 17. Qf2 Bf8 18. g3 b5 19. Nd2 Qe6 20. Kh2 Bd6 21. g4 f6
22. Rg1 Qe7 23. h4 Nf8 24. h5 Ne6 25. c3 Rd8 26. Kh1 Bc7 27. Nb3 Bb6 28. Rgd1
Ra7 29. Qe2 Qf7 30. hxg6 hxg6 31. Qf2 Qf8 32. Kg2 Rdd7 33. Qg3 Rh7 34. g5 Rh5
35. Rh1 Rah7 36. Rxh5 Rxh5 37. Rh1 Rxh1 38. Kxh1 fxg5 39. Nd2 Qf6 40. Qg4 Kf7
41. b3 Qh8+ 42. Kg2 Qd8 43. c4 Qxd3 44. Bxg5 Bd8 45. Bh6 Bf6 46. axb5 cxb5 47.
cxb5 Qxb5 48. Nc4 Qxb3 49. Nd6+ Ke7 50. Nc8+ Kd7 51. Qxg6 Bd8 52. Na7 Qb7 53.
Qf7+ Be7 54. f4 Qxe4+ 55. Kf2 Nxf4 0-1

[Event "BPB Limburg open A"]
[Site "Maastricht"]
[Date "2014.06.07"]
[Round "2"]
[White "Ducarmon, Renzo"]
[Black "Rey, Fabrice"]
[Result "1-0"]
[WhiteElo "2072"]
[BlackElo "2147"]
[PlyCount "87"]
[EventDate "2014.06.06"]
[EventType "swiss"]
[EventRounds "7"]
[EventCountry "NED"]
[Source "P.Boonen"]
[SourceDate "2014.10.10"]

1. e4 c6 2. d4 d5 3. exd5 cxd5 4. c4 Nf6 5. Nc3 Nc6 6. Bg5 Be6 7. c5 g6 8. Bb5
Bg7 9. Nge2 O-O 10. O-O Ne4 11. Be3 Bf5 12. Rc1 Rc8 13. Nf4 e5 14. Nfe2 Nxc3
15. bxc3 Qa5 16. Qa4 Qxa4 17. Bxa4 Bd3 18. Rfe1 Bxe2 19. Rxe2 exd4 20. cxd4
Nxd4 21. Rd2 Nf5 22. Rxd5 Nxe3 23. fxe3 Rc7 24. Rcd1 Rfc8 25. Bb3 Re7 26. Rd7
Rc7 27. Rd8+ Bf8 28. Kf2 Kg7 29. R1d5 Re6 30. R8d7 Rec6 31. Ke2 Rxc5 32. Rd3
Be7 33. e4 b5 34. R3d5 a6 35. Rxe7 Rxe7 36. Rxc5 Rxe4+ 37. Kf3 Re7 38. Rc6 Ra7
39. Rb6 f6 40. Bd5 h6 41. Bb7 Kf7 42. Bxa6 Ke7 43. Rb7+ Rxb7 44. Bxb7 1-0

[Event "BPB Limburg open A"]
[Site "Maastricht"]
[Date "2014.06.07"]
[Round "2"]
[White "Fier, Alexandr"]
[Black "Xiong, Ferdinand"]
[Result "1-0"]
[WhiteElo "2580"]
[BlackElo "2110"]
[PlyCount "93"]
[EventDate "2014.06.06"]
[EventType "swiss"]
[EventRounds "7"]
[EventCountry "NED"]
[Source "P.Boonen"]
[SourceDate "2014.10.10"]
[WhiteClock "1:32:59"]
[BlackClock "0:25:45"]

1. e4 c5 2. Nf3 d6 3. d4 cxd4 4. Nxd4 Nf6 5. Nc3 g6 6. Be3 Bg7 7. f3 O-O 8. Qd2
Nc6 9. Bc4 Nxd4 10. Bxd4 Be6 11. Bxe6 fxe6 12. O-O-O Qa5 13. Kb1 Rac8 14. Ne2
Qb5 15. Qd3 Qc6 16. Qb3 Kh8 17. Bxa7 Qa6 18. Nd4 Qxa7 19. Nxe6 Rc6 20. e5 Rb6
21. exf6 Bxf6 22. Nxf8 Rxb3 23. axb3 Qf2 24. Nd7 Bg5 25. h4 Bxh4 26. Nf8 g5 27.
Ne6 Qxg2 28. f4 gxf4 29. Rxh4 Qe2 30. Rdh1 Qxe6 31. Rxh7+ Kg8 32. Rh8+ Kf7 33.
R1h7+ Kf6 34. Rh6+ Kf5 35. Rxe6 Kxe6 36. Kc1 Kd5 37. Rh7 e5 38. Rxb7 Ke4 39.
Kd2 Kf3 40. Ke1 d5 41. b4 d4 42. b5 Ke3 43. Re7 e4 44. b6 f3 45. b7 f2+ 46. Kf1
Kd2 47. Rxe4 1-0

[Event "BPB Limburg open A"]
[Site "Maastricht"]
[Date "2014.06.07"]
[Round "2"]
[White "Gerlagh, Joris"]
[Black "Timmermans, Ivo"]
[Result "0-1"]
[WhiteElo "2103"]
[BlackElo "2207"]
[PlyCount "124"]
[EventDate "2014.06.06"]
[EventType "swiss"]
[EventRounds "7"]
[EventCountry "NED"]
[Source "P.Boonen"]
[SourceDate "2014.10.10"]

1. e4 e5 2. Nf3 Nc6 3. d4 exd4 4. Nxd4 Bb4+ 5. c3 Bc5 6. Be3 Bb6 7. g3 Nf6 8.
Bg2 O-O 9. O-O Re8 10. Re1 d5 11. exd5 Bg4 12. Nxc6 bxc6 13. Qd2 Nxd5 14. Bxb6
Rxe1+ 15. Qxe1 axb6 16. Nd2 Qd7 17. Ne4 Re8 18. c4 Ne7 19. Qc3 Nf5 20. f3 Nd4
21. Re1 Bh5 22. g4 f5 23. gxh5 fxe4 24. fxe4 Re5 25. h6 c5 26. Qg3 Qe7 27.
Qxg7+ Qxg7 28. hxg7 Kxg7 29. Kf2 Kf6 30. Re3 Rh5 31. h3 Rg5 32. h4 Rh5 33. Kg3
Ke5 34. Re1 Rh6 35. Rf1 Rg6+ 36. Kh3 Ne6 37. Rf5+ Kd4 38. b3 Ke3 39. h5 Rg7 40.
Kh2 Nf4 41. Bh1 Rg4 42. e5 Rh4+ 43. Kg1 Ne2+ 44. Kg2 Rxh1 45. e6 Rg1+ 46. Kh2
Rg8 47. e7 Re8 48. Rf7 h6 49. Kh3 Nd4 50. Kg4 Ke4 51. Rf6 Rxe7 52. Rxh6 Rg7+
53. Kh3 Ne2 54. Re6+ Kf3 55. Rf6+ Nf4+ 56. Kh2 Rg2+ 57. Kh1 Rg5 58. h6 Rh5+ 59.
Kg1 Kg3 60. Rf7 Rxh6 61. Rxc7 Kf3 62. a3 Ne2+ 0-1